| 000 | 01353nam a2200301 4500 | ||
|---|---|---|---|
| 003 | EC-UNACH | ||
| 005 | 20251219173412.0 | ||
| 006 | s||||gr|||| 00| 00 | ||
| 008 | 150116t9999 mx r gr 000 0 spa d | ||
| 020 | _a9788434480728 | ||
| 040 |
_aEC-UNACH _cEC-UNACH |
||
| 041 | _aspa | ||
| 082 | 0 | 4 |
_223 _a658.5 _bL018518 |
| 110 | _aEditorial Ariel Ciencia | ||
| 245 | _aTeledetección ambiental la observación de la tierra desde el espacio | ||
| 250 | _aSegunda edición | ||
| 264 |
_aS/N _bEditorial Ariel Ciencia _c2002 |
||
| 300 | _a586 | ||
| 505 | _aCapítulo 1- Nociones introductorias Capitulo 2- Principios físicos de la teledetección Capitulo 3- Sensores y satélites de teledetección Capitulo 4- Bases para la interpretación de imágenes de teledetección Capitulo 5- Interpretación visual de imágenes Capitulo 6- Análisis digital de imágenes correcciones y realces Capitulo 7- Análisis de imágenes extradición de información temática Capitulo 8- Verificación de resultados. Capitulo 9- Teledetección y sistemas de información geográfica | ||
| 650 | _aDESARROLLO ACTUAL | ||
| 650 | _aRADAR | ||
| 650 | _aLA MATRIZ DE DATOS | ||
| 700 | _aEmilio Chuvieco Salinero | ||
| 942 |
_2ddc _c1 |
||
| 999 | _c14335 | ||